Письма графа Н.П. Шереметева разным лицам

Доступно только в Электронных читальных залах Найти на картеНа карте
RUSMARC
00003971nmc2a22002653x 450
001a1dbfe4b-c35f-4626-b0ca-84179a999ff0
00520230907104921.0
100##$a20230118l17941802k l0rusy0189 ca
1010#$arus
$afre
102##$aRU
105##$aa###
1222#$ad
2001#$aПисьма графа Н.П. Шереметева разным лицам
$j27 ноября 1794 г. - 1 января 1802 г.
215##$a117 л.
$cрис.
$d37,5х25,5 см
251##$cДело
300##$aГраф Николай Петрович Шереметев. Переписка. Книги копий и журналы "партикулярной переписки", и черновики писем Н.П. Шереметева разным лицам
300##$aЧерновики
300##$aНа русском и французском языках
371##$aДокумент не является опубликованным и широко распространяемым
461#0$100198b93a77-94f0-46bb-a7e0-b5027cc72a67
$12001
$aШереметевы, графы
$1251
$cФонд
$1852
$j1088
462#0$1001d3ce280e-361b-49f4-86d2-e1a120f828b4
$12001
$aЛичные документы, переписка и документы, связанные со служебной и общественной деятельностью графов Бориса Петровича, Петра Борисовича, Николая Петровича и Дмитрия Шереметевых
$1251
$cОпись
$1852
$j1
801#0$aRU
$bРГИА
$c20230118
$gRCR
801#1$aRU
$bГлавНИВЦ
$c20230118
$2rusmarc
801#2$aRU
$bПБ им. Б.Н. Ельцина
$c20230907
$gRCR
$2rusmarc
850##$aРГИА
852##$aРГИА
$eФедеральное казенное учреждение "Российский государственный исторический архив" (РГИА)
$j117
937##$hРГИА
$d12391203
$aASBIBLIO_SCAN
035##$aRusGRCC00059530
856##$uhttp://readingroom.main.prlib.ru/item.aspx?id_node=n187414350&mode=full
Формат отображения